40 Animaux commençant par un P - Statistiques

Statistiques générales
  • Ce quiz a été pris 65 fois
  • Le résultat moyen est 15 sur 40
Statistiques - réponses
Animal % Correct
17 Pie
83%
31 Pou
83%
32 Poule
80%
4 Panthère
72%
28 Porc
72%
2 Panda
61%
5 Paon
59%
12 Perroquet
59%
37 Puma
52%
18 Pieuvre
44%
19 Pigeon
44%
15 Phoque
43%
40 Python
43%
20 Pingouin
41%
6 Papillon
39%
13 Perruche
39%
16 Pic vert
39%
22 Pintade
37%
35 Puce
37%
34 Poulpe
35%
38 Punaise
35%
3 Pangolin
33%
14 Phasme
33%
21 Pinson
33%
39 Putois
31%
7 Paresseux
30%
8 Pélican
28%
11 Perdrix
28%
29 Porc épic
28%
10 Perche
26%
23 Piranha
24%
33 Poule d'eau
13%
24 Plancton
11%
27 Poisson chat
11%
25 Plie
9%
36 Puceron
9%
1 Palombe
7%
9 Perce Oreilles
4%
26 Pluvier
4%
30 Possum
2%
Aucun quiz correspondant
Distribution des résultats
% des personnes avec chaque résultat
Percentile par nombre de réponses
Votre historique - résultats
Vous n’avez pas pris ce quiz